| 000 | 00972nam a22001817a 4500 | ||
|---|---|---|---|
| 008 | 100718t xxu||||| |||| 00| 0 ara d | ||
| 082 |
_222 _bع ل ي _a341.2 |
||
| 100 | 1 |
_916382 _aعلي، مصطفي حسن |
|
| 245 |
_aشركاء في تشويه التنمية : _bدراسة إنتقادية لتحليلات المنظمات الدولية لإقامة نسق إقتصادي دولي جديد (حالة اليونيدو) / _cمصطفي حسن علي. |
||
| 260 |
_aبيروت : _bدار الطليعة ، _c1983. |
||
| 300 |
_a302 ص : _bايض ؛ _c24 سم. |
||
| 504 | _aيحتوي علي ارجاعات ببليوجرافية. | ||
| 541 |
_aألف باء ؛ _cشراء ؛ |
||
| 650 | 0 |
_914582 _aالمنظمات الدولية |
|
| 650 | 0 |
_913649 _aالرأسمالية |
|
| 942 |
_2ddc _cBB |
||
| 999 |
_c14499 _d14499 |
||